000 00723nam a2200217 a 4500
001 8219
003 CO-ViMGA
008 141112s2004 ck r 000 u spa d
040 _aCO-ViMGA
_bspa
_cCO-ViMGA
082 0 4 _a641.09 R64c
100 1 _aRojas de Perdomo, Lucia
_98021
245 1 0 _aCocina Prehispanica /
_cRojas de Perdomo Lucia
260 _aBogotá,
_cVoluntad,
_c1994
300 _a237 p.
490 _aHistoria de la cocina
590 _aForma de adquisición : donacion - - Proveedor : Biblioteca Luis Ángel Arango
650 1 4 _aalimentos - historia - América latina
_98022
650 1 4 _aAztecas - vida social - costumbres
_98023
650 1 4 _aMuiscas - vida social - costumbres
_98024
942 _2ddc
_cBK
999 _c20029
_d20029